Ekonomická efektivnost výroby

Enregistré dans:
Détails bibliographiques
Auteur principal: Kocman, Michael
Format: Livre
Langue:tchèque
Publié: Praha Státní nakladatelství technické literatury 1976
Tags: Ajouter un tag
Pas de tags, Soyez le premier à ajouter un tag!

MARC

LEADER 00000nam a2200000 4500
001 c120421
005 20041019155216.9
041 0 |a cze 
044 |a CZ 
245 1 0 |a Ekonomická efektivnost výroby  |c Michael Kocman 
264 1 |a Praha  |b Státní nakladatelství technické literatury  |c 1976 
300 |a 366 s. 
100 1 |a Kocman, Michael